000 00545nam a2200217Ia 4500
003 OSt
005 20220928142353.0
006 a|||||r|||| 00| 0
007 ta
008 220927b |||||||| |||| 00| 0 eng d
024 _a19353
037 _cTextual
040 _aSDCL
_cSDCL
_beng
041 _2eng
_aeng
082 _aP152v, N8
100 _aSharma Rajmani
_9393532
245 0 _aHindi Bhasha
_b Itihas aur swaroor .
260 _c1998
942 _hP152v, N8
_cTEXL
_2CC
999 _c821543
_d821543